Statistics for Obce okresu Jihlava

Click here to take the quiz!

General Stats

  • This quiz has been taken 14 times
  • The average score is 21 of 123

Answers on the Map

Answers color-coded by a green-red scale on the quiz's map according to % correct below.
 

Answer Stats

Answer% Correct
Jihlava
80%
Brtnice
70%
Telč
70%
Velký Beranov
70%
Luka nad Jihlavou
60%
Malý Beranov
60%
Stonařov
60%
Třešť
60%
Kněžice
50%
Polná
50%
Batelov
40%
Cerekvička-Rosice
40%
Kamenice
40%
Kozlov
40%
Nová Říše
40%
Rančířov
40%
Stará Říše
40%
Větrný Jeníkov
40%
Dlouhá Brtnice
30%
Dobronín
30%
Dvorce
30%
Hrutov
30%
Jamné
30%
Krahulčí
30%
Markvartice
30%
Mrákotín
30%
Panské Dubenky
30%
Pavlov
30%
Puklice
30%
Rantířov
30%
Růžená
30%
Suchá
30%
Třeštice
30%
Vílanec
30%
Vyskytná nad Jihlavou
30%
Vysoké Studnice
30%
Brtnička
20%
Čížov
20%
Sedlatice
20%
Dušejov
20%
Hybrálec
20%
Jihlávka
20%
Klatovec
20%
Knínice
20%
Otín
20%
Panenská Rozsíčka
20%
Vápovice
20%
Ždírec
20%
Zvolenovice
20%
Boršov
10%
Brzkov
10%
Cejle
10%
Dolní Cerekev
10%
Dyjice
10%
Hladov
10%
Hodice
10%
Horní Dubenky
10%
Jezdovice
10%
Kaliště
10%
Kamenná
10%
Kostelec
10%
Kostelní Myslová
10%
Měšín
10%
Mysletice
10%
Nadějov
10%
Opatov
10%
Ořechov
10%
Řásná
10%
Rohozná
10%
Sedlejov
10%
Šimanov
10%
Střítež
10%
Švábov
10%
Svojkovice
10%
Věžnice
10%
Věžnička
10%
Volevčice
10%
Vystrčenovice
10%
Záborná
10%
Žatec
10%
Zhoř
10%
Arnolec
0%
Bílý Kámen
0%
Bítovčice
0%
Bohuslavice
0%
Borovná
0%
Černíč
0%
Dobroutov
0%
Dolní Vilímeč
0%
Doupě
0%
Dudín
0%
Hojkov
0%
Horní Myslová
0%
Hostětice
0%
Hubenov
0%
Jersín
0%
Ježená
0%
Jindřichovice
0%
Kalhov
0%
Krasonice
0%
Lhotka
0%
Milíčov
0%
Mirošov
0%
Mysliboř
0%
Nevcehle
0%
Olšany
0%
Olší
0%
Plandry
0%
Radkov
0%
Řídelov
0%
Rozseč
0%
Rybné
0%
Smrčná
0%
Stáj
0%
Strachoňovice
0%
Urbanov
0%
Ústí
0%
Vanov
0%
Vanůvek
0%
Zadní Vydří
0%
Zbilidy
0%
Zbinohy
0%
Zdeňkov
0%

Score Distribution

Percentile by Number Answered

Percent of People with Each Score

Your Score History

You have not taken this quiz